Tribhuvan University Central Library

Industrial profile for fiscal year 2038-2039/1081-1982 (Record no. 10329)

MARC details
000 -LEADER
fixed length control field 007290000a22003010004500
082 ## - DEWEY DECIMAL CLASSIFICATION NUMBER
Classification number 338.47
Item number H47i
-- N
041 ## - LANGUAGE CODE
Language code of text/sound track or separate title Eng
110 ## - MAIN ENTRY--CORPORATE NAME
Corporate name or jurisdiction name as entry element Hetauda Industrial District, Hetauda, Nepal
245 ## - TITLE STATEMENT
Title Industrial profile for fiscal year 2038-2039/1081-1982
260 ## - PUBLICATION, DISTRIBUTION, ETC. (IMPRINT)
Place of publication, distribution, etc Hetauda, Nepal
260 ## - PUBLICATION, DISTRIBUTION, ETC. (IMPRINT)
Date of publication, distribution, etc 1982
300 ## - PHYSICAL DESCRIPTION
Extent 58p.
Other physical details tables
440 ## - SERIES STATEMENT/ADDED ENTRY--TITLE
Title Statistical data
-- 14
538 ## - SYSTEM DETAILS NOTE
System details note Ed
518 ## - DATE/TIME AND PLACE OF AN EVENT NOTE
Date/time and place of an event note 940106
530 ## - ADDITIONAL PHYSICAL FORM AVAILABLE NOTE
Additional physical form available note M
650 ## - SUBJECT ADDED ENTRY--TOPICAL TERM
Topical term or geographic name as entry element Industries
650 ## - SUBJECT ADDED ENTRY--TOPICAL TERM
Topical term or geographic name as entry element Industrial profiles
650 ## - SUBJECT ADDED ENTRY--TOPICAL TERM
Topical term or geographic name as entry element Financial resources
650 ## - SUBJECT ADDED ENTRY--TOPICAL TERM
Topical term or geographic name as entry element Production capacity
650 ## - SUBJECT ADDED ENTRY--TOPICAL TERM
Topical term or geographic name as entry element Products
650 ## - SUBJECT ADDED ENTRY--TOPICAL TERM
Topical term or geographic name as entry element Market
650 ## - SUBJECT ADDED ENTRY--TOPICAL TERM
Topical term or geographic name as entry element Industrial economics
650 ## - SUBJECT ADDED ENTRY--TOPICAL TERM
Topical term or geographic name as entry element Employment
651 ## - SUBJECT ADDED ENTRY--GEOGRAPHIC NAME
Geographic name Nepal
651 ## - SUBJECT ADDED ENTRY--GEOGRAPHIC NAME
Geographic name Hetauda
942 ## - ADDED ENTRY ELEMENTS (KOHA)
Koha item type General Collections

No items available.